Movies by Scenery Quiz Stats

Quiz Updated Feb 6, 2016

Challenge
Share
Tweet
Score 0/25 Timer 08:00
3 Plays Today
% Correct
The Lion King
91.8%
Avatar
82.6%
Fargo
72.9%
Jurassic Park
67.5%
Pirates of the Caribbean: The Curse of the Black Pearl
62.4%
Se7en
60.3%
Lawrence of Arabia
59%
The Lord of the Rings: The Two Towers
58.4%
There Will Be Blood
49.6%
Forrest Gump
45.6%
Indiana Jones and the Temple of Doom
44.6%
Robin Hood: Prince of Thieves
42.2%
Gladiator
39.8%
% Correct
Mad Max
38.7%
X2
37.3%
Star Wars: Episode V - The Empire Strikes Back
36.2%
Brokeback Mountain
33.8%
King Kong
32.8%
The African Queen
31.7%
WALL-E
31.6%
The Descendants
30.1%
Into the Wild
30%
Cool Hand Luke
27.2%
North by Northwest
24.8%
The NeverEnding Story
22.8%

You're not logged in!

Compare scores with friends on all Sporcle quizzes.
Sign Up with Email
OR
Log In

You Might Also Like...

Show Comments

Extras

Top Quizzes Today


Score Distribution

Your Account Isn't Verified!

In order to create a playlist on Sporcle, you need to verify the email address you used during registration. Go to your Sporcle Settings to finish the process.